000 006000000a22001810004500
003 MACL
005 20160511151217.0
008 160511b xxu||||| |||| 00| 0 eng d
040 _aMACL
_cMACL
041 _aHindi
082 _a891.431 TIW
100 _aतिवारी, प्रहलाद
_956141
245 _aयात्रा कभी खत्‍म नहीं होती
_cप्रहलाद तिवारी
260 _aनई दिल्‍ली
_bमदन बुक
_c2012
350 _a150
650 _aकविता
_9226
942 _cHIN
_k891.431/TIW/P
_2ddc
999 _c48846
_d48846